| 000 | 01282cam a2200277 a 4500 | ||
|---|---|---|---|
| 001 | 5890 | ||
| 003 | BD-RjUL | ||
| 005 | 20211208234140.0 | ||
| 008 | 14 r19571951enk b 001 0 eng | ||
| 035 | _aBD-RjUL 5929 | ||
| 040 |
_aDLC _cTOL _beng _dBD-RjUL |
||
| 041 | _aeng | ||
| 082 | 0 | 4 |
_216 _a354.42 _bBRI 1957 |
| 245 | 0 | 0 |
_aBritish government since 1918 / _cGilbert Campion ... [et. al.] ; with an introduction by John Anderson. |
| 260 |
_aLondon : _bAllen and Unwin, _c1951 [impression 1957]. |
||
| 300 |
_a232 p. ; _c22 cm. |
||
| 500 | _a"Prepared at the instigation of the Institute of Public Administration" -- verso t.p. | ||
| 504 | _aIncludes bibliographical footnotes and index. | ||
| 505 | 0 | _aDevelopments in the parliamentary system since 1918 / Gilbert Campion -- Developments of the cabinet, 1914-1949 / D.N. Chester -- The structure of central administration / W.J.M. Mackenzie -- Administrative law in England, 1919-1948 / William A. Robson -- Qasi-government bodies since 1918 / Arthur Street -- Local government / J.H. Warren. | |
| 651 | 0 |
_aGreat Britain _xPolitics and government _y20th century. _95828 |
|
| 700 | 1 |
_aCampion, Lord ; _917886 |
|
| 700 | 1 |
_aChester, D. N. ; _918520 |
|
| 700 | 1 |
_aMackenzie, W.J.M. _918521 |
|
| 942 |
_2ddc _cBK |
||
| 999 |
_c5890 _d5890 |
||